The Biggest Cities in Ireland - Statistics

General Stats
  • This quiz has been taken 36 times
  • The average score is 6 of 15
Answer Stats
Population City % Correct
1.263.219 Dublin
100%
222.526 Cork
97%
85.910 Galway
82%
102.287 Limerick
70%
60.079 Waterford
67%
27.184 Kilkenny
52%
43.112 Dundalk
36%
33.512 Bray
21%
44.135 Drogheda
21%
40.776 Swords
21%
27.351 Carlow
18%
26.079 Tralee
18%
27.923 Ennis
12%
26.180 Naas
12%
33.886 Navan
12%
No matching quizzes found
Score Distribution
Percent of People with Each Score
Percentile by Number Answered
Your Score History
You have not taken this quiz